| 000 | 00503nam a2200229Ia 4500 | ||
|---|---|---|---|
| 003 | IT-RoPAU | ||
| 008 | 120407s9999 xx 000 0 und d | ||
| 040 | _aIT-RoPAU | ||
| 040 | _cIT-RoPAU | ||
| 041 | _aita | ||
| 100 | _aJosè Fernandes De Oliveira | ||
| 245 | _aVivere la giovinezza | ||
| 250 | _aCinisello Balsamo | ||
| 260 | _aEdizioni Paoline | ||
| 260 | _c1988 | ||
| 300 | _a105 p. | ||
| 300 | _c20,1 cm | ||
| 490 | _aFelici di vivere | ||
| 490 | _v2 | ||
| 942 | _cBK | ||
| 999 |
_c24147 _d24147 |
||